| 000 | 00678nam a2200241 i 4500 | ||
|---|---|---|---|
| 001 | 9697 | ||
| 003 | ES-MaACL | ||
| 005 | 20231125063005.0 | ||
| 007 | t| | ||
| 008 | 931129s1993 sp ||||1| spa d | ||
| 020 | _a84-204-8113-0 | ||
| 080 | _a86-34"19" | ||
| 080 | _a86(Mateo Díez,L.7 M.01) | ||
| 100 | 1 |
_aDíez, Luis Mateo, _d1942- _944658 |
|
| 245 | 1 | 4 |
_aLos Males menores / _cLuis Mateo Díez. |
| 250 | _a2ª ed. | ||
| 260 |
_aMadrid : _bAlfaguara, _c1993. |
||
| 300 |
_a148 p. ; _c22 cm. |
||
| 490 | 1 |
_aAlfaguara hispánica ; _v106 |
|
| 830 | 0 |
_aAlfaguara hispánica ; _v106 _9178131 |
|
| 852 |
_aES-MaACL _jL-17213 _bR.122210 |
||
| 999 |
_c9697 _d9697 |
||